Bhashabigyan aru dhwanibigyanar paribhashakosh/ (Record no. 11696)

MARC details
000 -LEADER
fixed length control field 00550nam a22001937a 4500
005 - DATE AND TIME OF LATEST TRANSACTION
control field 20250307083943.0
008 - FIXED-LENGTH DATA ELEMENTS--GENERAL INFORMATION
fixed length control field 231010b ||||| |||| 00| 0 eng d
020 ## - INTERNATIONAL STANDARD BOOK NUMBER
International Standard Book Number 9789391060534
040 ## - CATALOGING SOURCE
Original cataloging agency IN-DiNC
Transcribing agency IN-DiNC
041 ## - LANGUAGE CODE
Language code of sung or spoken text Assamese
082 ## - DEWEY DECIMAL CLASSIFICATION NUMBER
Classification number 410.03
Item number KON
100 ## - MAIN ENTRY--PERSONAL NAME
Personal name Konwar, Arpana
Relator term Author
245 ## - TITLE STATEMENT
Title Bhashabigyan aru dhwanibigyanar paribhashakosh/
Statement of responsibility, etc. by Arpana Konwar
250 ## - EDITION STATEMENT
Edition statement 1st ed.
260 ## - PUBLICATION, DISTRIBUTION, ETC.
Place of publication, distribution, etc. Dibrugarh:
Name of publisher, distributor, etc. Banalata,
Date of publication, distribution, etc. 2021.
300 ## - PHYSICAL DESCRIPTION
Extent 607p.
650 ## - SUBJECT ADDED ENTRY--TOPICAL TERM
Topical term or geographic name entry element Dictionary of linguistic and phonetic terminology
942 ## - ADDED ENTRY ELEMENTS (KOHA)
Source of classification or shelving scheme Dewey Decimal Classification
Koha item type Books
Holdings
Withdrawn status Lost status Source of classification or shelving scheme Damaged status Not for loan Collection code Home library Current library Shelving location Date acquired Cost, normal purchase price Total Checkouts Full call number Barcode Date last seen Date last checked out Copy number Price effective from Koha item type
    Dewey Decimal Classification     Assamese Central Library, Naharkatiya College Central Library, Naharkatiya College General Stacks 10/10/2023 650.00 2 491.451 KON 29703 07/10/2024 19/09/2024 1 10/10/2023 Books
    Dewey Decimal Classification     Assamese Central Library, Naharkatiya College Central Library, Naharkatiya College General Stacks 10/10/2023 650.00   491.451 KON 29704 10/10/2023   2 10/10/2023 Books
    Dewey Decimal Classification     Assamese Central Library, Naharkatiya College Central Library, Naharkatiya College General Stacks 10/10/2023 650.00 1 491.451 KON 29705 14/11/2024 20/08/2024 3 10/10/2023 Books
    Dewey Decimal Classification     Assamese Central Library, Naharkatiya College Central Library, Naharkatiya College General Stacks 07/03/2025 650.00 1 410.03 KON 30574 05/04/2025 19/03/2025 4 07/03/2025 Books

Naharkatiya College © 2020. All rights reserved.

Powered By